| 000 | 01222nam a2200301 c 4500 | ||
|---|---|---|---|
| 003 | BLK | ||
| 005 | 20180422115616.0 | ||
| 008 | 180411b bul|||||r ||||||| ||bul|| | ||
| 010 | _aKNG00197714000 | ||
| 040 | _aBLK | ||
| 041 |
_aBUL _cBUL |
||
| 080 |
_aРуска литература _b821.161.1 _x-1 _z821.161.1-1 |
||
| 100 | 1 |
_aЦветаева, Марина Ивановна _eпърви автор _9370018 |
|
| 700 | 1 |
_aНиколов, Иван _eподб. и прев. _gИванов, Иван Николов _9364850 |
|
| 700 | 1 |
_aВинокуров, Евгений Михайлович _eс предг. от _9384645 |
|
| 139 |
_aЦветаева, Марина Ивановна _bЦ 30 |
||
| 245 | 1 | 0 |
_aИзбрана лирика _cМарина Ивановна Цветаева; подб. и прев. Иван Николов; с предг. от Евгений Михайлович Винокуров. |
| 257 | _aSUN | ||
| 260 |
_аСофия _bНар. култура _c1972 |
||
| 300 |
_a184 с. _c20 см |
||
| 380 | _aX | ||
| 500 | _a6 100 тир. | ||
| 852 | _aЦб 63104 | ||
| 856 | 4 |
_qpdf _u |
|
| 856 | 4 |
_qpdf _u |
|
| 942 |
_cKNG _n0 |
||
| 944 |
_aCR _c09.12.2016 _kПравда_Бадева |
||
| 944 |
_aED _c09.12.2016 _kПравда_Бадева |
||
| 999 |
_c188695 _d188695 |
||